000 00770nam a2200265Ia 4500
003 OSt
005 20220930075727.0
006 a|||||r|||| 00| 0
007 ta
008 220926b |||||||| |||| 00| 0 hin d
024 _a83682
037 _cTheses
040 _aCRL
_cCRL
_bhin
041 _2hin
_ahin
100 _aDua Meenu
_9537260
110 _aUniversity of Delhi. Faculty of Arts. Department of Hindi
245 0 _aGhananand ke kavya mein lok jeevan ki abhivyakti
260 _c2004
300 _a225p.
_ap.
_ccm.
650 _aHINDI LITERATURE
_923866
700 _a Dr. Har Gulal Gu.
_9537261
700 _aUniversity of Delhi. Faculty of Arts. Department of Hindi
942 _cDIS
_2CC
999 _c868700
_d868700